| 000 | 01325cam a2200337 a 4500 | ||
|---|---|---|---|
| 999 |
_c129151 _d129151 |
||
| 001 | 2144250 | ||
| 003 | ARRUPE | ||
| 005 | 20190307102354.0 | ||
| 008 | 980901s1999 dcua b i000 0 eng | ||
| 010 | _a 98043299 | ||
| 020 | _a1557757577 (paper) | ||
| 040 |
_aDLC _cDLC _dDLC |
||
| 043 | _ad------ | ||
| 050 | 0 | 0 |
_aHG1496 _b.B345 1999 |
| 082 | 0 | 0 |
_a332.4/91724 _221 |
| 100 | 1 |
_aBaliño, Tomás J. T. _941392 |
|
| 245 | 1 | 0 |
_aMonetary policy in dollarized economies / _cTomás J.T. Baliño, Adam Bennett, and Eduardo Borensztein ; and comprising Andrew Berg ... [et al.]. |
| 260 |
_aWashington, DC : _bInternational Monetary Fund, _cc1999. |
||
| 300 |
_avii, 47 p. : _bcol. ill. ; _c28 cm. |
||
| 490 | 1 |
_aOccasional paper ; _v171 |
|
| 504 | _aIncludes bibliographical references (p. 44-45). | ||
| 650 | 0 |
_aMonetary policy _zDeveloping countries. _941371 |
|
| 650 | 0 |
_aForeign exchange _zDeveloping countries. _945061 |
|
| 650 | 0 |
_aDollar, American. _945062 |
|
| 700 | 1 |
_aBennett, Adam. _945063 |
|
| 700 | 1 |
_aBorensztein, Eduardo. _945064 |
|
| 830 | 0 |
_aOccasional paper (International Monetary Fund) ; _vno. 171. _945065 |
|
| 906 |
_a7 _bcbc _corignew _d1 _eocip _f19 _gy-gencatlg |
||
| 942 |
_2lcc _cMONOGRAPH |
||